North east India : (Record no. 151928)

MARC details
000 -LEADER
fixed length control field 00524nam a22001697a 4500
005 - DATE AND TIME OF LATEST TRANSACTION
control field 20180508141502.0
010 ## - LCCN (DPL NO)
LC control number ENG-122997
020 ## - INTERNATIONAL STANDARD BOOK NUMBER
International Standard Book Number 9789350078396
Terms of availability 175.00
035 ## - SYSTEM CONTROL NUMBER
System control number EN-106529
037 ## - SOURCE OF ACQUISITION
Stock number DBAD/PUB.
082 ## - DEWEY DECIMAL CLASSIFICATION NUMBER
Classification number 954.5
245 ## - TITLE STATEMENT
Title North east India :
Remainder of title People, history and culture /
260 ## - PUBLICATION, DISTRIBUTION, ETC. (IMPRINT)
Place of publication, distribution, etc New Delhi
Name of publisher, distributor, etc National Council of Educational Research and Training
Date of publication, distribution, etc 2017
270 ## - ADDRESS
Address Sri Aurobindo Marg
City New Delhi
Postal code 110016
300 ## - PHYSICAL DESCRIPTION
Extent 142p.
Other physical details 22cm(pbk)
942 ## - ADDED ENTRY ELEMENTS (KOHA)
Source of classification or shelving scheme Dewey Decimal Classification
Item type English Books
Classification part 954.5
Call number suffix NOR
Holdings
Withdrawn status Lost status Not for loan Collection code Home library Current library Date acquired Source of acquisition Cost, normal purchase price Full call number Barcode Copy number Cost, replacement price Koha item type
      Non-fiction Shahdara Branch Shahdara Branch 08/05/2018 DBAD/PUB. 175.00 954.5 NOR EN-106529 1 175.00 English Books

© Delhi Public Library
Hit Counter
free hit counter